Management accounting: (Record no. 4910)
[ view plain ]
| 000 -LEADER | |
|---|---|
| fixed length control field | 01109cam a2200289 a 4500 |
| 001 - CONTROL NUMBER | |
| control field | 12118886 |
| 005 - DATE AND TIME OF LATEST TRANSACTION | |
| control field | 20160929114122.0 |
| 008 - FIXED-LENGTH DATA ELEMENTS--GENERAL INFORMATION | |
| fixed length control field | 000726s2001 maua 000 0 eng |
| 010 ## - LIBRARY OF CONGRESS CONTROL NUMBER | |
| LC control number | 00061276 |
| 020 ## - INTERNATIONAL STANDARD BOOK NUMBER | |
| International Standard Book Number | 0070283001 (alk. paper) |
| 040 ## - CATALOGING SOURCE | |
| Original cataloging agency | DLC |
| Transcribing agency | DLC |
| Modifying agency | DLC |
| 050 00 - LIBRARY OF CONGRESS CALL NUMBER | |
| Classification number | HF5657.4 |
| Item number | .M67 2001 |
| 082 00 - DEWEY DECIMAL CLASSIFICATION NUMBER | |
| Classification number | DC 658.1511 |
| Edition number | 2001 |
| Item number | Mc25m |
| 100 1# - MAIN ENTRY--PERSONAL NAME | |
| Personal name | McWatters, Cheryl S. |
| 245 10 - TITLE STATEMENT | |
| Title | Management accounting: |
| Remainder of title | analysis and interpretation/ |
| Statement of responsibility, etc. | Cheryl S. McWatters, Dale C. Morse and Jerold L. Zimmerman. |
| 250 ## - EDITION STATEMENT | |
| Edition statement | 2nd edition |
| 260 ## - PUBLICATION, DISTRIBUTION, ETC. (IMPRINT) | |
| Place of publication, distribution, etc. | Boston, Mass.: |
| Name of publisher, distributor, etc. | McGraw-Hill/Irwin, |
| Date of publication, distribution, etc. | c2001. |
| 300 ## - PHYSICAL DESCRIPTION | |
| Extent | xxviii, 574 pages: |
| Other physical details | colored illustrations; |
| Dimensions | 28 cm. |
| 500 ## - GENERAL NOTE | |
| General note | Includes index. |
| 650 #0 - SUBJECT ADDED ENTRY--TOPICAL TERM | |
| Topical term or geographic name as entry element | Managerial accounting. |
| 700 ## - ADDED ENTRY--PERSONAL NAME | |
| Personal name | Morse, Dale, |
| Dates associated with a name | 1947- |
| 9 (RLIN) | 15468 |
| Relator term | Author |
| 700 ## - ADDED ENTRY--PERSONAL NAME | |
| Personal name | Zimmerman, Jerold L., |
| Dates associated with a name | 1947- |
| 9 (RLIN) | 15469 |
| Relator term | Author |
| 365 ## - TRADE PRICE | |
| Price amount | 817.00 |
| Currency code | Php |
| 906 ## - LOCAL DATA ELEMENT F, LDF (RLIN) | |
| a | 7 |
| b | cbc |
| c | orignew |
| d | 1 |
| e | ocip |
| f | 20 |
| g | y-gencatlg |
| 942 ## - ADDED ENTRY ELEMENTS (KOHA) | |
| Source of classification or shelving scheme | Dewey Decimal Classification |
| Koha item type | Circulation |
| Withdrawn status | Lost status | Source of classification or shelving scheme | Damaged status | Not for loan | Collection code | Home library | Current library | Shelving location | Date acquired | Source of acquisition | Total Checkouts | Full call number | Barcode | Date last seen | Date last checked out | Price effective from | Koha item type |
|---|---|---|---|---|---|---|---|---|---|---|---|---|---|---|---|---|---|
| Dewey Decimal Classification | Circulation | UM Digos College - LIC | UM Digos College - LIC | Book Cart | 08/25/2004 | Purchased | 1 | DC 658.1511 Mc25m 2001 | 17512 | 05/15/2025 | 12/03/2018 | 09/29/2016 | Circulation |
